La arquitectura del tráfico en la república federal de Alemania
Guardat en:
| Autor principal: | |
|---|---|
| Format: | Llibre |
| Idioma: | espanyol |
| Publicat: |
Bonn
Inter Nationes
1981
|
| Matèries: | |
| Etiquetes: |
Afegir etiqueta
Sense etiquetes, Sigues el primer a etiquetar aquest registre!
|
MARC
| LEADER | 00000nam a2200000 a 4500 | ||
|---|---|---|---|
| 001 | UCT2677 | ||
| 003 | CL-VaPUC | ||
| 008 | 961011e19810000GW |||||||||||||||||spa|d | ||
| 082 | 0 | 4 | |a 725.3 |b MUL |2 21 |
| 100 | |a Müller, Karlhans |e autor |9 371629 | ||
| 245 | 1 | 3 | |a La arquitectura del tráfico en la república federal de Alemania |
| 300 | |a 172 p | ||
| 942 | |c BK | ||
| 945 | |d 19961011 00:00:00 |a nastorga | ||
| 260 | |a Bonn |b Inter Nationes |c 1981 | ||
| 650 | 0 | |a Arquitectura |9 804558 | |
| 650 | 0 | |a Transporte urbano |9 260307 | |
| 650 | 0 | |a Puentes |9 268175 | |
| 650 | 0 | |a Carreteras |9 260132 | |
| 650 | 0 | |a Puertos |9 260105 | |
| 650 | 7 | |a TRAFICO URBANO |2 CL-VaPUC |9 371631 | |
| 650 | 0 | |a Edificios |9 260501 | |
| 650 | 0 | |a Planificación urbana |9 258176 | |
| 650 | 0 | |a Transporte Ferroviario |9 353259 | |
| 651 | 0 | |a Alemania |9 255688 | |
| 583 | |a last modification |c 19961011 00:00:00 |k Rodrigo Vera | ||
| 999 | |c 252661 |d 252659 | ||
| 952 | |0 0 |1 0 |4 0 |6 725_300000000000000_MUL_1981 |7 0 |8 A |9 272638 |a BIBARQ |b BIBARQ |d 2019-11-19 |i 3238121 |l 1 |o 725.3 MUL 1981 |p 3238121 |r 2025-01-20 |s 2023-09-13 |w 2019-11-19 |y BK |k ARQ | ||